Statistics for Soccer's best championships teams 2014

Click here to take the quiz!

General Stats

  • This quiz has been taken 98 times
    (82 since last reset)
  • The average score is 63 of 205

Answer Stats

ChampionshipTeam% Correct
Manchester City
88%
Manchester United
88%
Barclays Premier LeagueArsenal
86%
Real Madrid
84%
Liverpool
82%
Chelsea
79%
Liga BBVABarcelona
78%
Seria AJuventus
77%
Tottenham Hotspur
74%
BundesligaBayern Munich
73%
Milan AC
73%
Atlético Madrid
70%
Inter Milan
70%
Everton
68%
Paris Saint-Germain
68%
AZ Alkmaar
67%
Borussia Dortmund
67%
Newcastle United
67%
AS Roma
66%
Valencia
66%
Aston Villa
62%
Naples
62%
Lyon
60%
Go Ahead Eagles
59%
Marseille
59%
NAC Breda
59%
EredeviseAjax Amsterdam
58%
Bayer Leverkusen
58%
Southampton
58%
West Ham United
58%
Zenit St. Petersburg
58%
Athletic Bilbao
56%
Super LigGalatasaray
55%
Lazio
55%
Stoke City
55%
Porto
52%
PSV Eindhoven
52%
Real Betis
52%
Primeira LigaBenfica
51%
Crystal Palace
51%
Leicester City
51%
Sport
51%
Villarreal
51%
Werder Bremen
51%
Russian Football Premier LeagueCSKA Moscow
49%
Fiorentina
49%
Queens Park Rangers
49%
Sporting
49%
Sunderland
49%
Los Angeles Galaxy
48%
Schalke 04
48%
Swansea City
48%
West Bromwich Albion
48%
Hamburg
47%
Torino
47%
Besiktas
45%
Ligue 1Lille
45%
Real Sociedad
45%
Feyenoord
44%
Hull City
44%
Bordeaux
42%
Burnley
42%
Wolfsburg
42%
Braga
41%
Espanyol Barcelona
41%
Fenerbahçe
41%
Getafe
41%
Spartak Moscow
41%
Borussia Monchengladbach
40%
Eintracht Frankfurt
40%
Celta Vigo
38%
Malaga
38%
Monaco
38%
New York Red Bulls
38%
Sampdoria
38%
ADO Den Haag
37%
Serie AGenoa
37%
Nantes
37%
Stuttgart
37%
Herta Berlin
36%
Atalanta
34%
Dynamo Moscow
34%
Hoffenheim
34%
Lokomotiv Moscow
34%
Mainz 05
34%
Sevilla
34%
Bologna
33%
Nice
33%
Parma
33%
Santos
33%
Udinese
33%
Flamengo
32%
Hannover
32%
Lens
32%
Saint-Etienne
32%
Trabzonspor
32%
Montpellier
30%
Rennes
30%
Toulouse
30%
Augsburg
29%
Cagliari
29%
Major League SoccerChicago Fire
29%
Fluminense
27%
Freiburg
27%
Russian Football Premier LeagueRubin Kazan
27%
Sassuolo
27%
Twente
27%
Hellas Verona
26%
Levante
26%
Rayo Vallecano
26%
Bastia
25%
Bursaspor
25%
Grêmio
25%
Toronto
25%
Corinthians
23%
Osasuna
23%
Sao Paulo
23%
Chievo Verona
22%
Reims
22%
Metz
21%
Rio Ave
21%
Antalyaspor
19%
Elche
19%
Lorient
19%
Rostov
19%
DC United
18%
Heerenveen
18%
Almeria
16%
Anzhi Makhachkala
16%
Caen
16%
Guingamp
16%
Nurnberg
16%
Seattle Sounders
16%
Vitesse Arnhem
16%
Catania
15%
Cruzeiro
15%
Eintracht Braunschweig
15%
Groningen
15%
Palmeiras
15%
Utrecht
15%
Vancouver Whitecaps
15%
Vitoria
15%
Vitória de Setúbal
15%
Campeonato Brasileiro Série AAtlético Mineiro
14%
Dallas
14%
Evian
14%
Portland Timbers
14%
Botafogo
12%
Internacional
12%
Konyaspor
12%
Krasnodar
12%
Livorno
12%
San Jose Earthquakes
12%
Valladolid
12%
Houston Dynamo
11%
Kasımpasa
11%
Marítimo
11%
Montreal Impact
11%
NEC Nijmegen
11%
Philadelphia Union
11%
Sivasspor
11%
Kayseri Erciyesspor
10%
RKC Waalwijk
10%
Vitória Guimaraes
10%
Atlético Paranaense
8%
Coritiba
8%
Eskisehirspor
8%
Gaziantepspor
8%
Genclerbirligi
8%
Kuban Krasnodar
8%
Paços de Ferreira
8%
Real Salt Lake
8%
Zwolle
8%
Akhisar Belediyespor
7%
Çaykur Rizespor
7%
Colorado Rapids
7%
Estoril Praia
7%
Karabükspor
7%
Nacional
7%
Roda JC
7%
Académica Coimbra
5%
Goias
5%
Heracles Almelo
5%
Terek Grozny
5%
Amkar Perm
4%
Bahia
4%
Colombus Crew
4%
New England Revolution
4%
Chivas USA
3%
Criciuma
3%
Elazıgspor
3%
Gil Vicente
3%
Granada
3%
Kayserispor
3%
Sporting Kansas City
3%
Beira-Mar
1%
Cambuur
1%
Figueirense
1%
Krylia Sovetov
1%
Moreirense
1%
Olhanense
1%
Tom Tomsk
1%
Ural
1%
Chapecoense
0%
Novgorod
0%

Score Distribution

Percentile by Number Answered

Percent of People with Each Score

Your Score History

You have not taken this quiz since the last reset